Normal view MARC view
  • Dr. Assia Khanum

Entry Personal Name

Number of records used in: 1

001 - CONTROL NUMBER

  • control field: 34529

003 - CONTROL NUMBER IDENTIFIER

  • control field: NUST

005 - DATE AND TIME OF LATEST TRANSACTION

  • control field: 20201026142903.0

008 - FIXED-LENGTH DATA ELEMENTS

  • fixed length control field: 201026|| aca||aabn | a|a d

040 ## - CATALOGING SOURCE

  • Original cataloging agency: NUST
  • Transcribing agency: NUST

100 ## - HEADING--PERSONAL NAME

  • Personal name: Dr. Assia Khanum

670 ## - SOURCE DATA FOUND

  • Source citation: Work cat.: (NUST): Jahanzaib Khan 34528, EFFORT ESTIMATION OF COMPONET BASED SOFTWARE DEVELOPMENT (CBSD) LIFECYLE USING FUZZY LOGIC /, 2015.
© 2023 Central Library, National University of Sciences and Technology. All Rights Reserved.